Trendy automatizace a udržitelnosti vítězí

Mesačník Logistika a vydavateľstvo Economia vyhlásili výsledky súťaže Impuls Logistika. Meranie síl sa odohralo v kategóriach: Top logistický projekt, Top logistický produkt, Top logistická služba a prvýkrát tiež v kategórii Eco-Eco. Generálnym partnerom súťate je spoločnosť 108 Agency.

Na minha lista:
Detalhes bibliográficos
Autor principal: Novotný, Radek
Formato: Capítulo de Livro
Idioma:tcheco
Assuntos:
Tags: Adicionar Tag
Sem tags, seja o primeiro a adicionar uma tag!

MARC

LEADER 00000naa a2200000 4500
001 0270392
005 20230105082519.1
041 0 |a cze 
044 |a CZ 
245 1 0 |a Trendy automatizace a udržitelnosti vítězí  |c Radek Novotný 
520 |a Mesačník Logistika a vydavateľstvo Economia vyhlásili výsledky súťaže Impuls Logistika. Meranie síl sa odohralo v kategóriach: Top logistický projekt, Top logistický produkt, Top logistická služba a prvýkrát tiež v kategórii Eco-Eco. Generálnym partnerom súťate je spoločnosť 108 Agency. 
610 2 0 |a automatizácia 
610 2 0 |a digitalizácia 
610 2 0 |a projekty 
610 2 0 |a produkty 
610 2 0 |a služby 
610 2 0 |a logistika 
610 2 0 |a skladovanie 
610 2 0 |a preprava 
610 2 0 |a ekológia 
100 1 |a Novotný, Radek